LEADER 01274nam a2200301 u 4500 001 000000008913 003 CaOOAMICUS 005 20070226105139.0 008 941111m18891890gw u000 u ger u 035 $a10227434 040 $aPUL(R)$bita 100 1 $aGoldziher, Ignaz,$d1850-1921.$0(OLS)http://pul/name/8901 245 10$aMuhammedanische Studien /$cvon Ignaz Goldziher. 260 $aHalle a.S. :$bM. Niemeyer,$c1889-1890. 300 $a2 v. ;$c24 cm 500 $aInclude indici. 504 $aBibliografia a piè pagina. 650 4$aIslamismo$xStudi.$0(OLS)http://pul/subject/7447 850 $aPUL 852 $aPUL$W1$xDP1 Antico 800$y27$m210 F 22-23$j12568$nBK-PRI$b $qStampati Antico$B12568$CPULBib$Z2$F12568 $81 852 $aPUL$W1$xDP1 Antico 800$y27$m210 F 22-23$j12568$nBK-PRI$b $qStampati Antico$B12569$CPULBib$Z2$F12569 $81 852 $aPUL$W1$xDP2 Filosofia 1$y62$m131 D 7$j12570$nBK-PRI$b $qStampati Antico$B12570$CPULBib$Z2$F12570 $81 941 1 $a15 961 $aINV: Ex libris mons. Carusi 961 $aINV: Ex libris mons. Carusi 961 $aINV: In un unico volume. 996 $6245$aMuhammedanische Studien$9(OLS)http://pul/title/13092 996 $6260$aHalle a.S. :$bM. Niemeyer$9(OLS)http://pul/publisher/52271 LEADER 01301nam a2200337 u 4500 001 000000074502 003 CaOOAMICUS 005 20070226122453.0 008 021209s1999 fr u000 u fre u 020 $a2130501028 035 $a10947923 040 $aPUL$bita 041 1 $afre$heng 100 1 $aGarber, Daniel.$0(OLS)http://pul/name/44433 245 13$aLa physique métaphysique de Descartes /$cDaniel Garber. 260 $aParis :$bPresse Universitaires de France,$cc1999. 300 $a483 p. ;$c23 cm 490 1 $aEpiméthée 500 $aContiene indice. 504 $a"Bibliographie": p. [461]-474. 600 14$aDescartes, René,$d1596-1650.$0(OLS)http://pul/subject/2595 650 4$aFisica e filosofia.$0(OLS)http://pul/subject/18706 830 0$aEpiméthée.$0(OLS)http://pul/title/13231 850 $aPUL 852 $aPUL$W1$xSL Filosofia 1$y2$m86.PA.45$j96097$nBK-PRI$b $qStampati$B96097$CPULBib$Z2$F96097 $H $81 941 1 $a8 960 $aCartesio,$d1596-1650$92595 961 $aINV: 88277 996 $6020$a2130501028$9(OLS)http://pul/number/96670 996 $6245$aLa physique métaphysique de Descartes$9(OLS)http://pul/title/97805 996 $6260$aParis :$bPresse Universitaires de France$9(OLS)http://pul/publisher/71358